|
|
|
|
| LEADER |
03398nam a22004213i 4500 |
| 001 |
EBC6955913 |
| 003 |
MiAaPQ |
| 005 |
20231204023223.0 |
| 006 |
m o d | |
| 007 |
cr cnu|||||||| |
| 008 |
231204s2017 xx o ||||0 eng d |
| 020 |
|
|
|a 9783839430316
|q (electronic bk.)
|
| 020 |
|
|
|z 9783837630312
|
| 035 |
|
|
|a (MiAaPQ)EBC6955913
|
| 035 |
|
|
|a (Au-PeEL)EBL6955913
|
| 035 |
|
|
|a (OCoLC)987569375
|
| 040 |
|
|
|a MiAaPQ
|b eng
|e rda
|e pn
|c MiAaPQ
|d MiAaPQ
|
| 100 |
1 |
|
|a Meulen, Nicolaj van der.
|
| 245 |
1 |
0 |
|a Culinary Turn :
|b Aesthetic Practice of Cookery.
|
| 250 |
|
|
|a 1st ed.
|
| 264 |
|
1 |
|a Bielefeld :
|b transcript,
|c 2017.
|
| 264 |
|
4 |
|c ©2017.
|
| 300 |
|
|
|a 1 online resource (327 pages)
|
| 336 |
|
|
|a text
|b txt
|2 rdacontent
|
| 337 |
|
|
|a computer
|b c
|2 rdamedia
|
| 338 |
|
|
|a online resource
|b cr
|2 rdacarrier
|
| 490 |
1 |
|
|a Ästhetische Praxis
|
| 505 |
0 |
|
|a Cover -- Content -- Foreword -- Introduction -- Kitchen -- Avant-garde Natural Cuisine Nicolaj van der Meulen, Jörg Wiesel and Stefan Wiesner in Conversation on Cooking as Aesthetic Practice -- Anthropocene Kitchen -- The Evolution of Kitchen Design A Yearning for a Modern Stone Age Cave -- The Kitchen of the Future Somewhere Between Sci-Fi and Social Design -- La Brigade de Cuisine -- Kitchen Culture -- Production -- Plates -- Three Theses for Increased Enjoyment -- The Mind's Eye and Palate -- Saving Diversity -- Sustainable Food Systems -- Consciously, but Not Knowingly -- Concept -- Morsels -- No Title -- Pig's Head/Chard/Milk/Bay Leaf/Lime/Anchovies -- Gratin of Green Tagliolini with Braised Pig's Cheeks, Lime and Bay -- Recipe Plan -- Pig's Cheeks with Crisped Ears, Chard and Bay Leaf -- Dish(es) Using Pig's Head, Milk, Chard, Anchovies, Lime and Bay Leaves -- Pig's Head in Chard/Sautéed Chard Stems/Chard Sponge/Bay Leaf Milk Froth/Candied Lime Zest/Anchovy and Lime Puree -- Discourse -- Evolution - Culinary Culture - Cooking Technology -- Food in the Metabolic Era -- Food as a Medium Between Art and Cuisine Rirkrit Tiravanija's Gastronomic Installations -- For a Good Time dilettantin produktionsbüro: Transitory Spaces of Art Production, Presentation and Distribution -- Babette's Culinary Turn An Essay -- A Taste of Home -- Perception -- Foreign Food and Table Arts -- Plating Food On the Pictorial Arrangement of Cuisine on the Plate -- Decay and Other Flip Sides Gastronautical Ramblings About Post-Culinary Design Possibilities -- On the Sensation of Freshly Grated Lemon Zest Anneli Käsmayr and Thomas A. Vilgis Talk About Food Innovation, Taste and Emotion -- Perfume and Cooking -- Culinary Criteria Creation in an Open Society -- Bibliography -- List of Figures -- Contributors.
|
| 588 |
|
|
|a Description based on publisher supplied metadata and other sources.
|
| 590 |
|
|
|a Electronic reproduction. Ann Arbor, Michigan : ProQuest Ebook Central, 2023. Available via World Wide Web. Access may be limited to ProQuest Ebook Central affiliated libraries.
|
| 655 |
|
4 |
|a Electronic books.
|
| 700 |
1 |
|
|a Wiesel, Jörg.
|
| 700 |
1 |
|
|a Käsmayr, Anneli.
|
| 700 |
1 |
|
|a Reinmann, Raphaela.
|
| 776 |
0 |
8 |
|i Print version:
|a Meulen, Nicolaj van der
|t Culinary Turn
|d Bielefeld : transcript,c2017
|z 9783837630312
|
| 797 |
2 |
|
|a ProQuest (Firm)
|
| 830 |
|
0 |
|a Ästhetische Praxis
|
| 856 |
4 |
0 |
|u https://ebookcentral.proquest.com/lib/matrademy/detail.action?docID=6955913
|z Click to View
|